| 000 | 00749nam a2200205 i 4500 | ||
|---|---|---|---|
| 001 | 48950 | ||
| 003 | ES-MaACL | ||
| 005 | 20230906161843.0 | ||
| 007 | t| | ||
| 008 | 030703s1979 sp ||||1| spa d | ||
| 100 | 1 |
_aCorneille, Jean-Pierre. _940601 |
|
| 245 | 1 | 3 |
_aLa lingüística estructural _b: su proyección, sus límites / _cJean-Pierre Corneille ; versión de Dolores Grimau Martínez. |
| 260 |
_aMadrid : _bGredos, _c[1979] |
||
| 300 |
_a434 p. ; _c20 cm. |
||
| 490 | 1 |
_aBiblioteca románica hispánica. II. Estudios y ensayos ; _v2 |
|
| 700 | 1 |
_aGrimau Martínez, Dolores. _960052 |
|
| 830 | 0 |
_aBiblioteca románica hispánica. II. Estudios y ensayos ; _v2 _9178108 |
|
| 852 |
_aES-MaACL _jA-10404 _bR.99555 |
||
| 999 |
_c48950 _d48950 |
||